[Event "BL2-Ost 1415"]
[Site "Germany"]
[Date "2015.02.01"]
[Round "8.6"]
[White "Maurer, Jochen"]
[Black "Gaponenko, Inna"]
[Result "0-1"]
[WhiteElo "2268"]
[BlackElo "2374"]
[PlyCount "48"]
[EventDate "2014.10.18"]
[EventType "team-tourn"]
[EventRounds "10"]
[EventCountry "GER"]
[SourceTitle "CBM 166 Extra"]
[Source "ChessBase"]
[SourceDate "2015.06.18"]
[SourceVersion "1"]
[SourceVersionDate "2015.06.18"]
[SourceQuality "1"]
[WhiteTeam "Rosenheim Pang"]
[BlackTeam "Aue Nickelhuette"]
[WhiteTeamCountry "GER"]
[BlackTeamCountry "GER"]

1. e4 c5 2. Nf3 Nf6 3. Nc3 d6 4. Bc4 Nc6 5. d4 cxd4 6. Nxd4 e6 7. Be3 Be7 8. Qe2 a6 9. 0-0-0 Nxd4 10. Bxd4 b5 11. Bb3 Bb7 12. e5 dxe5 13. Bxe5 Qb6 14. Rhe1 0-0 15. g4 Rad8 16. g5 Nd7 17. Bd4 Bxg5+ 18. Kb1 Qc7 19. Rg1 Bf6 20. Rxg7+ Kxg7 21. Qg4+ Kh8 22. Qh5 Qf4 23. Ne2 Qf3 24. Qh4 e5 0-1

[Event "AUT-chT2W 1415"]
[Site "Austria"]
[Date "2014.10.11"]
[Round "2.2"]
[White "Maurer, Jochen"]
[Black "Blaas, Hansjoerg"]
[Result "0-1"]
[WhiteElo "2268"]
[BlackElo "2244"]
[PlyCount "86"]
[EventDate "2014.10.10"]
[EventType "team-tourn"]
[EventRounds "11"]
[EventCountry "AUT"]
[SourceTitle "EXT 2015"]
[Source "ChessBase"]
[SourceDate "2014.11.20"]
[SourceVersion "1"]
[SourceVersionDate "2014.11.20"]
[SourceQuality "1"]
[WhiteTeam "Kufstein/Woergl"]
[BlackTeam "Schwaz"]
[WhiteTeamCountry "AUT"]
[BlackTeamCountry "AUT"]

1. e4 c5 2. Nf3 Nc6 3. Bb5 g6 4. Bxc6 dxc6 5. h3 Bg7 6. d3 e5 7. Be3 b6 8. Nc3 Ne7 9. Qd2 h6 10. 0-0 f5 11. exf5 gxf5 12. Rae1 Qd6 13. Qc1 Bd7 14. a4 0-0-0 15. a5 b5 16. Kh1 Nd5 17. Nd2 Be6 18. Nb3 c4 19. dxc4 bxc4 20. Nc5 Nxe3 21. Nxe6 Nxf1 22. Nxd8 Rxd8 23. Rxf1 Qd2 24. Kg1 e4 25. g4 Bxc3 26. bxc3 fxg4 27. hxg4 Qxc1 28. Rxc1 Rg8 29. f3 exf3 30. Kf2 Rxg4 31. Kxf3 Rh4 32. Kg3 Rh5 33. a6 Kc7 34. Re1 Kb6 35. Re6 Rh1 36. Kg2 Rc1 37. Rxh6 Rxc2+ 38. Kf3 Rxc3+ 39. Ke4 Rd3 40. Rh5 Rd5 41. Rh6 c3 42. Rh3 c2 43. Rb3+ Rb5 0-1

[Event "Wunsiedel op 8th"]
[Site "Wunsiedel"]
[Date "2014.06.01"]
[Round "7"]
[White "Seyb, Alexander"]
[Black "Maurer, Jochen"]
[Result "1/2-1/2"]
[WhiteElo "2383"]
[BlackElo "2269"]
[PlyCount "85"]
[EventDate "2014.05.29"]
[EventType "swiss"]
[EventRounds "7"]
[EventCountry "GER"]
[SourceTitle "CBM 160 Extra"]
[Source "ChessBase"]
[SourceDate "2014.07.01"]
[SourceVersion "1"]
[SourceVersionDate "2014.07.01"]
[SourceQuality "1"]

1. e4 c5 2. Nf3 e6 3. d4 cxd4 4. Nxd4 Nc6 5. Nc3 Qc7 6. g3 a6 7. Bg2 Nf6 8. 0-0 Nxd4 9. Qxd4 Bc5 10. Bf4 d6 11. Qd2 h6 12. Na4 e5 13. Nxc5 dxc5 14. Be3 Be6 15. f3 0-0 16. Rfd1 Rfd8 17. Qc3 b6 18. Rxd8+ Rxd8 19. b4 c4 20. Bf1 Nh7 21. a4 b5 22. axb5 axb5 23. Ra7 Qd6 24. Be2 f6 25. Qa3 Bd7 26. Qa5 Rc8 27. Ra6 Qc7 28. c3 Ng5 29. Qa2 Bc6 30. Ra7 Qd8 31. Qa6 Ne6 32. Kf2 Rc7 33. Qb6 Rxa7 34. Qxd8+ Nxd8 35. Bxa7 g5 36. Ke3 Ne6 37. Bb8 Kf7 38. Bf1 Ke7 39. Bh3 Kf7 40. Bd6 Bb7 41. Bg4 Bc6 42. Bh5+ Kg7 43. f4 1/2-1/2